Państwa: Australia i Oceania - Statystyki

Ogólne statystyki
  • Ten quiz został rozwiązany 4 618 razy
  • Średni wynik to 10 z 14
Statystyki odpowiedzi
Państwa Australii i Oceanii % Poprawnych
Australia
98%
Nowa Zelandia
92%
Fidżi
77%
Wyspy Marshalla
76%
Wyspy Salomona
73%
Papua-Nowa Gwinea
70%
Mikronezja
68%
Kiribati
64%
Palau
62%
Tuvalu
62%
Nauru
60%
Vanuatu
60%
Samoa
57%
Tonga
56%
Nie znaleziono quizów pasujących do podanych kryteriów
Rozkład punktacji
Procent ludzi z każdym wynikiem
Percentyl według liczby udzielonych odpowiedzi
Twoja historia wyników
Nie rozwiązałeś tego quizu